000 00641nam a2200241 a 4500
999 _c6192
_d6192
001 6192)
003 BD-JhCC
005 20180120173406.0
008 180116s1980 bg |||| ||a| 000 0 eng d
020 _a0070454213
035 _a(BD-JhCC)6192)
040 _aBD-JhCC
_dBD-JhCC
041 _aeng
082 _a808.42
_bMCH 1980
100 _aMcmahan, Elizabeth
245 _aThe Writer's Rhetoric And Handbooks /
_c Elizabeth Mcmahan And Susan Day
260 _aAmerica :
_bMcgraw-Hill Inc,
_c1980.
300 _a450 p. :
_c24 cm.
650 _aEnglish Language
_xRhetoric
700 _aDay, Susan
942 _2ddc
_cBK